Mystery food / (Record no. 9817)

MARC details
000 -LEADER
fixed length control field 00810nam a22002657a 4500
001 - CONTROL NUMBER
control field 9817
003 - CONTROL NUMBER IDENTIFIER
control field FISKH
005 - DATE AND TIME OF LATEST TRANSACTION
control field 20260226162557.0
008 - FIXED-LENGTH DATA ELEMENTS--GENERAL INFORMATION
fixed length control field 260226b cb ||||| |||| 00| 0 eng d
020 ## - INTERNATIONAL STANDARD BOOK NUMBER
International Standard Book Number 9780618599332
040 ## - CATALOGING SOURCE
Original cataloging agency FISKH
Language of cataloging eng
Transcribing agency FISKH
Modifying agency FISKH
082 ## - DEWEY DECIMAL CLASSIFICATION NUMBER
Classification number 978
100 ## - MAIN ENTRY--PERSONAL NAME
Personal name Ali , Hasim
245 ## - TITLE STATEMENT
Title Mystery food /
Statement of responsibility, etc. by Hasim Ali : illustrated by Cornelius Van Wright and Ying-Hwa Hu
260 ## - PUBLICATION, DISTRIBUTION, ETC.
Place of publication, distribution, etc. Boston :
Name of publisher, distributor, etc. Houghton Mifflin ,
Date of publication, distribution, etc. 2006.
300 ## - PHYSICAL DESCRIPTION
Extent 8 pages :
Other physical details color illustrations ;
Dimensions 20 cm .
490 ## - SERIES STATEMENT
Series statement Houghton Mifflin Science Leveled Readers
505 ## - FORMATTED CONTENTS NOTE
Formatted contents note D <br/>
521 8# - TARGET AUDIENCE NOTE
Target audience note 160 <br/>
Source Lexile estimate <br/>
521 8# - TARGET AUDIENCE NOTE
Target audience note D <br/>
Source Raz-Plus <br/>
700 ## - ADDED ENTRY--PERSONAL NAME
Personal name Wright , Cornelius Van
Relator term Illustrator
700 ## - ADDED ENTRY--PERSONAL NAME
Personal name Hu , Ying-Hwa
Relator term Illustrator
942 ## - ADDED ENTRY ELEMENTS (KOHA)
Source of classification or shelving scheme Dewey Decimal Classification
Koha item type Books
Suppress in OPAC No
Holdings
Withdrawn status Lost status Source of classification or shelving scheme Damaged status Not for loan Collection Home library Current library Shelving location Date acquired Total Checkouts Full call number Barcode Date last seen Price effective from Koha item type
    Dewey Decimal Classification     Non-Fiction Footprints International School Library Network Toul Tom Poung Campus Footprints International School Library Network Toul Tom Poung Campus TTP Primary Green Bookshelves 02/26/2026   ALI 978 FISBK05964 02/26/2026 02/26/2026 Books